000 00427nam a2200157 4500
001 138932
003 ES-MaACL
005 20230906195652.0
007 t|
008 070214s1972 sp r ||||1| spa d
100 1 _aSaponaro, Aldo.
_9103722
245 1 3 _aLa regulación de la natalidad /
_cAldo Saponaro.
260 _aBarcelona :
_bDe Vecchi,
_c1972.
300 _a229 p. ;
_c19 cm.
852 _aES-MaACL
_jC-50699
_bR.82263
999 _c138932
_d138932